000 01056ngm a22003610a 4500
001 PT34660
003 AR-LpoUNG
005 20210202000437.0
007 vd cvaizq
008 191001s2009||||ag |||||||||||||||||spa d
037 _c$5
040 _aAR-LpoUNG
_bspa
_cAR-LpoUNG
_eaacr
041 _aspa
044 _aag
082 0 _a982.062 272v4
100 1 _aFavio, Leonardo
_edir.
245 1 0 _aPeron :
_bsinfonía del sentimiento
260 _aBuenos Aires :
_bPágina 12,
_c2009.
300 _aDVD (67 min.) : son., col.
505 0 _aAño de realización 1999. No estrenada comercialmente
520 _aDocumental que propone una visión romántica del movimiento peronista y que está centrado, como el título indica, en la figura de Juan Domingo Perón.
650 4 _aARGENTINA
650 4 _aDEMOCRACIA
650 4 _aDESARROLLO POLITICO
650 4 _aDICTADURA
650 4 _aHISTORIA SOCIAL
653 _aCINE ARGENTINO
653 _aDOCUMENTALES
653 _aDVD
653 _aVIDEOS
905 _a34660
942 _cDVD
999 _c54858
_d54858